000 00318nam a22001337a 4500
008 170316b xxu||||| |||| 00| 0 eng d
020 _a9780896034136
041 _aeng
080 _a616.8
100 _a7
101 _aSHM
245 _aCELL DEATH AND DISEASES OF THE NERVOUS SYSTEM
_cKOLIATSOS.V.E
942 _2udc
_cBK
999 _c8021
_d8021